| 000 | 00697nam a2200229 a 4500 | ||
|---|---|---|---|
| 001 | 7631 | ||
| 003 | CO-ViMGA | ||
| 008 | 141112s2004 ck r 000 u spa d | ||
| 020 | _a8428315604 | ||
| 040 |
_aCO-ViMGA _bspa _cCO-ViMGA |
||
| 082 | 0 | 4 | _aR720.3 P875 |
| 100 | 1 |
_aPutnam, R.E.; Carlson, G.E. _97043 |
|
| 245 | 1 | 0 | _aDiccionario de Arquitectura, Construcción y obras públicas |
| 260 |
_aMadríd (E), _cParaninfo, _c2001 |
||
| 300 | _a535.p. | ||
| 505 | _aDiccionario de Arquitectura en Ingles y Español | ||
| 590 | _aEjemplares : 2 | ||
| 650 | 1 | 4 |
_aARQUITECTURA - DICCIONARIO _97044 |
| 650 | 1 | 4 |
_aCONSTRUCCION - DICCIONARIO _97045 |
| 650 | 1 | 4 |
_aOBRAS - PUBLICAS _97046 |
| 942 |
_2ddc _cBK |
||
| 999 |
_c19575 _d19575 |
||